000
00270nam a22001217a 4500
008
1709 25b xxu||||| |||| 00| 0 eng d
041
_a
eng
080
_a
37
100
_a
46
101
_a
EDU
245
_a
ESSAYS ON A LIBERAL EDUCATION
_c
FARRAR,F.W
942
_2
udc
_c
BK
999
_c
29710
_d
29710